000
00258nam a22001097a 4500
082
_a
320
100
_a
Vision,IAS
_9
81515
245
_a
General Studies Notes Governance 17/22
260
_a
Delhi
_b
Vision,IAS
_c
2022
650
_a
Political Science
942
_c
BK
999
_c
65547
_d
65547